000 00866cam a22002651 4500
001 9852977
003 OSt
005 20230623081519.0
008 790320s1960 at a s000 0 eng
010 _a 63041093
035 _a(OCoLC)4756504
040 _aDLC
_cWvU
_dDLC
042 _apremarc
050 0 0 _a
_b
082 _a328.94
_bCHA
110 1 _aSouth Australia.
_bParliament.
_bHouse of Assembly.
245 0 4 _aThe Parliament of South Australia;
_ban outline of its history, its proceedings, and its buildings.
_cPrepared by G.D. Combe, clerk of the House of Assembly.
260 _a[Adelaide]
_c1960.
300 _a38 p.
_billus.
_c22 cm.
610 1 0 _aSouth Australia.
_bParliament.
_bHouse of Assembly.
610 1 0 _aSouth Australia.
_bParliament.
700 1 _aCombe, G. D.
906 _a7
_bcbc
_coclcrpl
_du
_encip
_f19
_gy-gencatlg
942 _2ddc
_cBK
999 _c2381
_d2381